000 004170000a22001090004500
090 _aAS
_bSeriadas
245 1 0 _aContribución al estudio ecológico y florístico de los bosques relictuales secundarios en el Jardín Botánico "El Bosque", Silvania, Cundinamarca, Colombia
041 0 _aEspañol
100 1 _aBarrera Torres, Eduardo
_999077
942 _cARTICULO
773 1 _tPerez Arbelaezia
_3317
_h6-7
_q109-133
_d1988
_g2
999 _c15113
_d15113